000 01219nam a22002537a 4500
003 PE SENCICO BE
005 20251020182646.0
008 231115b |||||||| |||| 00| 0 eng d
040 _aPE SENCICO BE
_cPE SENCICO BE
041 _aspa
084 _aI
_aRED
_a2018
_bB23
100 1 _91789
_aBarrantes Chambi, Richard Wilfredo
_eautor
245 1 _aSistema de control y adquisición de datos (SCADA) para el monitoreo de abastecimiento de la red primaria de agua potable en Lima Metropolitana y Callao /
_cRichard Wilfredo Barrantes Chambi
260 _aLima :
_c2018
300 _a120 h. :
_bil. col., diagrs., tabls. ;
_c30 cm.
502 _aMonografía de Titulación.-- Servicio Nacional de Capacitación para la Industria de la Construcción. Escuela Superior Técnica. Carrera Profesional Técnica en Redes de Agua Potable y Agua Residual, 2018
650 1 0 _9355
_aAbastecimiento de agua
650 2 0 _91757
_aControl hidráulico
650 2 0 _91763
_aSistema de agua potable y alcantarillado
650 2 0 _91733
_aRedes de distribución de agua
710 1 _aServicio Nacional de Capacitación para la Industria de la Construcción.
_bEscuela Superior Técnica
_91065
910 _bhfp
_chfp
942 _cMON
999 _c4442
_d4442